000 00393nam a2200157Ia 4500
003 Ost
005 20260225132552.0
008 260225s9999||||xx |||||||||||||| ||und||
040 _cfsic
041 _afre
082 _a440
100 _aRabah nourredine Saadi
_eAuteur
245 0 _aLa gestion socialiste des entreprises en algérie /
245 0 _cRabah nourredine Saadi
942 _cكتاب
999 _c34191
_d34191